000 00653nam a22001817a 4500
003 UA-OsUOA
001 7628
007 ta
008 20040623b un ||||| |||| 00| 0 ukr d
100 _aКурило В.
942 _cSA
040 _aUA-OsUOA
_cUA-OsUOA
_dUA-OsUOA
245 _aОрганізаційно-правовий аспект застосування зброї і спецзасобів працівниками недержавних охоронних підприємств
300 _aС.77-80
955 _a0
773 0 _w0
_tПраво України
_dКиїв
_d2004
_gN6
650 7 _aОхоронні підприємства
_2UDC
999 _c293789
_d293789